A shot over the bows (Record no. 75115)

MARC details
000 -LEADER
fixed length control field 01447cab a2200217 4500
001 - CONTROL NUMBER
control field L129452
008 - FIXED-LENGTH DATA ELEMENTS--GENERAL INFORMATION
fixed length control field 050420n2005 000 0 eng u
035 ## - SYSTEM CONTROL NUMBER
System control number (Sirsi) u129452
041 ## - LANGUAGE CODE
Language code of text/sound track or separate title eng
100 ## - MAIN ENTRY--PERSONAL NAME
Personal name Pemble, Stuart
245 #2 - TITLE STATEMENT
Title A shot over the bows
260 ## - PUBLICATION, DISTRIBUTION, ETC.
Date of publication, distribution, etc. 2005
490 ## - SERIES STATEMENT
Series statement Estates Gazette
Volume/sequential designation (0514) 9 April 2005 123(1)
520 ## - SUMMARY, ETC.
Summary, etc. Examines recent CA rulings on the adjudication and payment provisions of the Housing Grants, Construction and Regeneration Act 1996 Part II. Supporters of adjudication will welcome the decisions in "AMEC Capital Projects Ltd v Whitefriars City Estates Ltd" ([2004] EWCA Civ 1418, [2005] 1 ALL ER 723) and "Collins (Contractors) Ltd v Baltic Quay Management (1994) Ltd" ([2004] EWCA Civ 1757, [2005] BLR 63) as they limit the ability of an unsuccessful party to question the adjudicators jurisdiction. Adjudicators are also not obliged to consider jurisdictional challenges, although when time permits adjudicators are advised to allow parties to make jurisdiction submissions.
590 ## - LOCAL NOTE (RLIN)
Local note IKA290405
650 ## - SUBJECT ADDED ENTRY--TOPICAL TERM
Topical term or geographic name entry element AMEC CAPITAL PROJECTS LTD V WHITEFRIARS CITY ESTATES LTD
650 ## - SUBJECT ADDED ENTRY--TOPICAL TERM
Topical term or geographic name entry element COLLINS (CONTRACTORS) LTD V BALTIC QUAY MANAGEMENT (1994) LTD
650 ## - SUBJECT ADDED ENTRY--TOPICAL TERM
Topical term or geographic name entry element HOUSING GRANTS, CONSTRUCTION AND REGENERATION ACT 1996 PART II
690 ## - LOCAL SUBJECT ADDED ENTRY--TOPICAL TERM (OCLC, RLIN)
Topical term or geographic name as entry element MANAGEMENT-DISPUTE AVOIDANCE, MANAGEMENT AND RESOLUTION-DISPUTE MANAGEMENT AND RESOLUTION-ALTERNATIVE DISPUTE RESOLUTION-ADJUDICATION
942 ## - ADDED ENTRY ELEMENTS (KOHA)
Suppress in OPAC 0
Holdings
Withdrawn status Lost status Source of classification or shelving scheme Damaged status Not for loan Home library Current library Shelving location Date acquired Total Checkouts Full call number Barcode Date last seen Copy number Price effective from Koha item type
    Dewey Decimal Classification     London London Journal article 20/04/2005   L129452 129452-1001 06/08/2019 1 06/08/2019 Journal article